Ngữ văn 10 : Sách giáo viên

Sách bao gồm các tác phẩm văn học như truyện, thơ và các đoạn trích. Văn bản văn học, nội dung và hình thức của văn bản văn học, các bài tập làm văn và phần ôn tập tiếng việt.

Đã lưu trong:
書目詳細資料
主要作者: Phan, Trọng Luận
格式: 圖書
語言:Undetermined
出版: Hà Nội Giáo dục Việt Nam 2013
主題:
標簽: 添加標簽
沒有標簽, 成為第一個標記此記錄!
Thư viện lưu trữ: Trung tâm Học liệu Trường Đại học Cần Thơ
LEADER 00977nam a2200229Ia 4500
001 CTU_236845
008 210402s9999 xx 000 0 und d
020 |c 8800 
082 |a 495.9220712 
082 |b L502/T.2 
100 |a Phan, Trọng Luận 
245 0 |a Ngữ văn 10 : 
245 0 |b Sách giáo viên 
245 0 |c Phan Trọng Luận (Tổng chủ biên) 
260 |a Hà Nội 
260 |b Giáo dục Việt Nam 
260 |c 2013 
520 |a Sách bao gồm các tác phẩm văn học như truyện, thơ và các đoạn trích. Văn bản văn học, nội dung và hình thức của văn bản văn học, các bài tập làm văn và phần ôn tập tiếng việt. 
650 |a Vietnamese philology,Ngữ văn Việt Nam 
650 |x Study and teaching (Secondary),Dạy và học (Trung học) 
904 |i Hải 
980 |a Trung tâm Học liệu Trường Đại học Cần Thơ